Journal of entrepreneurship research (Record no. 38396)

MARC details
000 -LEADER
fixed length control field 00444nam a2200169Ia 4500
022 ## - INTERNATIONAL STANDARD SERIAL NUMBER
ISSN 00330047
050 ## - CALL MARK
Classification number HM 717 .S65/
245 #0 - TITLE STATEMENT
Title Journal of entrepreneurship research
260 ## - PUBLICATION, DISTRIBUTION, ETC. (IMPRINT)
Place of publication Keffi
260 ## - PUBLICATION, DISTRIBUTION, ETC. (IMPRINT)
Name of publisher Entrepreneurship Development Centre NAsarawa State University
260 ## - PUBLICATION, DISTRIBUTION, ETC. (IMPRINT)
Year of publication 2012
300 ## - PHYSICAL DESCRIPTION
Number of Pages 269 p. ; 22 cm.
650 ## - SUBJECT ADDED ENTRY--TOPICAL TERM
Topical Term Solidarity.
942 ## - ADDED ENTRY ELEMENTS (KOHA)
Koha item type Serials

No items available.